Financial appraisal of public sector undertaking: a case study in the automotive industry (Record no. 501428)

000 -LEADER
fixed length control field 00517cam a22001457a 4500
008 - FIXED-LENGTH DATA ELEMENTS--GENERAL INFORMATION
fixed length control field 180718b1987 xxu||||| |||| 00| 0 eng d
082 ## - DEWEY DECIMAL CLASSIFICATION NUMBER
Classification number APPPA 86-87 NAN
100 ## - MAIN ENTRY--PERSONAL NAME
Personal name Nanjanath, Radha A.
245 ## - TITLE STATEMENT
Title Financial appraisal of public sector undertaking: a case study in the automotive industry
Statement of responsibility, etc. by Radha A. Nanjanath
260 ## - PUBLICATION, DISTRIBUTION, ETC.
Place of publication, distribution, etc. New Delhi
Name of publisher, distributor, etc. Indian Institute of Public Administration
Date of publication, distribution, etc. 1987
300 ## - PHYSICAL DESCRIPTION
Extent 149p.
650 ## - SUBJECT ADDED ENTRY--TOPICAL TERM
Topical term or geographic name entry element Automotive industry
650 ## - SUBJECT ADDED ENTRY--TOPICAL TERM
Topical term or geographic name entry element Public sector undertaking
650 ## - SUBJECT ADDED ENTRY--TOPICAL TERM
Topical term or geographic name entry element Financial appraisal
Holdings
Withdrawn status Lost status Damaged status Not for loan Permanent Location Current Location Date acquired Full call number Barcode Date last seen Price effective from Koha item type
        Indian Institute of Public Administration Indian Institute of Public Administration 2018-08-04 APPPA 86-87 NAN GR11986 2018-08-04 2018-08-04 GR

Powered by Koha